Gaming Quiz

Random Gaming Quiz

Fortnite Battle Royale Map (minefield) Quiz Stats

Quiz not verified by Sporcle

Also try: Fake Toys II
Challenge
Share
Tweet
Score 0/15 Timer 10:00
34 Plays Today
% Correct
???
65.2%
???
64.2%
???
63.1%
???
63.1%
???
62.9%
???
62.1%
???
62%
???
61.9%
% Correct
???
61.9%
???
61.7%
???
59.9%
???
59.5%
???
58.7%
???
58.5%
???
58%

You're not logged in!

Compare scores with friends on all Sporcle quizzes.
Sign Up with Email
OR
Log In

You Might Also Like...

Show Comments

Extras

Top Quizzes Today


Score Distribution

Your Account Isn't Verified!

In order to create a playlist on Sporcle, you need to verify the email address you used during registration. Go to your Sporcle Settings to finish the process.